000 00603nam a2200217Ii 4500
003 JO-AjNU
008 230606s9999||||xx |||||||||||||| ||und||
020 _a81-7867-267-7
040 _aJO-AjNU
_beng
_erda
_cJO-AjNU
041 _aeng
050 1 4 _aTA330.J44.2003
100 3 _aJefftey , Alan,
_eauthor
_93787
245 0 0 _aAdvanced Engineering Mathematics
250 _a1 ed
264 3 1 _aIndia:Acdemic press, 2003
300 _a1159p
336 _atext
_btxt
_2rdacontent
337 _aunmediated
_bn
_2rdamedia
338 _avolume
_bnc
_2rdacarrier
650 4 _aEngineering mathematics
_93788
999 _aE1976
_c1976
_d1976